LEADER 00952nam0-22003131i-450- 001 990004231690403321 005 20060109131845.0 010 $a88-16-60141-8 035 $a000423169 035 $aFED01000423169 035 $a(Aleph)000423169FED01 035 $a000423169 100 $a19990604d1998----km-y0itay50------ba 101 0 $aita 105 $aa-------001yy 200 1 $aSantiago$el'Europa del pellegrinaggio$ftesti di Paolo Caucci von saucken, René De la Coste-messelière ... [et al.]$ga cura di Paolo Caucci von Saucken 205 $a2. ed. 210 $aMilano$cJaca Book$d1998 215 $a388 p.$cill.$d34 cm 676 $a709.46$v21$zita 702 1$aCaucci vonSaucken,$bPaolo 702 1$aLa Coste-Messelière,$bRené : de 801 0$aIT$bUNINA$gRICA$2UNIMARC 901 $aBK 912 $a990004231690403321 952 $a709.46 CAU 1$bBibl.31631$fFLFBC 959 $aFLFBC 996 $aSantiago$9288871 997 $aUNINA LEADER 01068nam0 2200265 i 450 001 SUN0062987 005 20140623052907.882 100 $a20080220d1993 |0engc50 ba 101 $aeng 102 $aGB 105 $a|||| ||||| 200 1 $aˆAn ‰exhibition of master drawings$fpresented by Jean-Luc Baroni 205 $aNew York$gLondon : Colnaghi, 1993 210 $d1 v. : ill. ; 30 cm 215 $aPublished to accompany an exhibition in New York and London 1993. 620 $aGB$dLondon$3SUNL000015 676 $a741.9$v21 702 1$aBaroni$b, Jean-Luc$3SUNV022728 712 $aColnaghi$3SUNV001430$4650 801 $aIT$bSOL$c20181109$gRICA 912 $aSUN0062987 950 $aUFFICIO DI BIBLIOTECA DEL DIPARTIMENTO DI LETTERE E BENI CULTURALI$d07 CONS Cb New York 1993/I $e07 70241 995 $aUFFICIO DI BIBLIOTECA DEL DIPARTIMENTO DI LETTERE E BENI CULTURALI$bIT-CE0103$h70241$kCONS Cb New York 1993/I$oc$qa 996 $aExhibition of master drawings$9768511 997 $aUNICAMPANIA